LEADER 01216nam a2200301 i 4500 001 991001302609707536 005 20020507190945.0 008 981118s1971 de ||| | fre 020 $a3540056149 035 $ab10828692-39ule_inst 035 $aLE01310186$9ExL 040 $aDip.to Matematica$beng 082 0 $a516.35 084 $aAMS 14A15 111 2 $aSéminaire de geometrie algebrique <1960/61 ; Bois Marie>$0536691 245 10$aRevetements etales et groupe fondamental /$cun séminaire dirigé par A. Grothendieck 260 $aBerlin :$bSpringer-Verlag,$c1971 300 $axxii, 447 p. ;$c24 cm 490 0 $aSeminaire de geometrie algebrique du Bois Marie 1960-61 (SGA 1) 490 0 $aLecture notes in mathematics,$x0075-8434 ;$v224 650 0$aSchemes 700 1 $aGrothendieck, Alexander$eauthor$4http://id.loc.gov/vocabulary/relators/aut$041901 907 $a.b10828692$b23-02-17$c28-06-02 912 $a991001302609707536 945 $aLE013 14A GRO11 (1971)$g1$i2013000109404$lle013$o-$pE0.00$q-$rl$s- $t0$u0$v0$w0$x0$y.i10936762$z28-06-02 996 $aRevetements etales et groupe fondamental$91455960 997 $aUNISALENTO 998 $ale013$b01-01-98$cm$da $e-$ffre$gde $h0$i1 LEADER 01721nam 2200541 a 450 001 9910782173403321 005 20230721032528.0 010 $a1-282-15260-2 010 $a9786612152603 010 $a90-272-9195-0 035 $a(CKB)1000000000535038 035 $a(OCoLC)647673109 035 $a(CaPaEBR)ebrary10196559 035 $a(SSID)ssj0000193760 035 $a(PQKBManifestationID)11172857 035 $a(PQKBTitleCode)TC0000193760 035 $a(PQKBWorkID)10226616 035 $a(PQKB)10354906 035 $a(MiAaPQ)EBC622816 035 $a(Au-PeEL)EBL622816 035 $a(CaPaEBR)ebr10196559 035 $a(CaONFJC)MIL215260 035 $a(EXLCZ)991000000000535038 100 $a20070910d2007 uy 0 101 0 $aeng 135 $aurcn||||||||| 181 $ctxt 182 $cc 183 $acr 200 10$aLocality and information structure$b[electronic resource] $ea cartographic approach to Japanese /$fYoshio Endo 210 $aAmsterdam ;$aPhiladelphia $cJohn Benjamins Pub.$dc2007 215 $a1 online resource (248 p.) 225 1 $aLinguistik aktuell =$aLinguistics today,$x0166-0829 ;$vv. 116 300 $aBibliographic Level Mode of Issuance: Monograph 311 $a90-272-3380-2 320 $aIncludes bibliographical references (p. [222]-232) and index. 410 0$aLinguistik aktuell ;$vBd. 116. 606 $aJapanese language$xSyntax 615 0$aJapanese language$xSyntax. 676 $a495.6/5 700 $aEndo$b Yoshio$f1960-$01557110 801 0$bMiAaPQ 801 1$bMiAaPQ 801 2$bMiAaPQ 906 $aBOOK 912 $a9910782173403321 996 $aLocality and information structure$93820380 997 $aUNINA